ZFV (Record no. 118571)
[ view plain ]
| 000 -LEADER | |
|---|---|
| fixed length control field | 00795cas a2200229 a 4500 |
| 001 - CONTROL NUMBER | |
| control field | L03404560 |
| 008 - FIXED-LENGTH DATA ELEMENTS--GENERAL INFORMATION | |
| fixed length control field | 1872 gw b |
| 022 1# - INTERNATIONAL STANDARD SERIAL NUMBER | |
| International Standard Serial Number | 1618-8950 |
| 035 ## - SYSTEM CONTROL NUMBER | |
| System control number | (Sirsi) u98903 |
| 041 0# - LANGUAGE CODE | |
| Language code of text/sound track or separate title | ger |
| 110 2# - MAIN ENTRY--CORPORATE NAME | |
| Corporate name or jurisdiction name as entry element | Deutscher Verein fur Vermessungswesen e.V. |
| Subordinate unit | Gesellschaft fur Geodasie, Geoinformation und Landmanagement |
| 9 (RLIN) | 5247 |
| 245 00 - TITLE STATEMENT | |
| Title | ZFV |
| Remainder of title | Zeitschrift fur Geodasie, Geoinformation und Landmanagement |
| 260 ## - PUBLICATION, DISTRIBUTION, ETC. | |
| Place of publication, distribution, etc. | S.l. |
| Name of publisher, distributor, etc. | DVW |
| Date of publication, distribution, etc. | [1872]- |
| 362 0# - DATES OF PUBLICATION AND/OR SEQUENTIAL DESIGNATION | |
| Dates of publication and/or sequential designation | 128(5) October 2003- |
| 520 ## - SUMMARY, ETC. | |
| Summary, etc. | No physical copy in the RICS collection |
| 651 #4 - SUBJECT ADDED ENTRY--GEOGRAPHIC NAME | |
| Geographic name | Deutschland = Germany |
| Chronological subdivision | 1990- |
| 690 ## - LOCAL SUBJECT ADDED ENTRY--TOPICAL TERM (OCLC, RLIN) | |
| Topical term or geographic name as entry element | ENVIRONMENTAL AND LAND CONSULTANCY-GEOMATICS |
| 690 ## - LOCAL SUBJECT ADDED ENTRY--TOPICAL TERM (OCLC, RLIN) | |
| Topical term or geographic name as entry element | Geomatics |
| 9 (RLIN) | 6242 |
| 856 ## - ELECTRONIC LOCATION AND ACCESS | |
| Uniform Resource Identifier | <a href="https://geodaesie.info/zfv">https://geodaesie.info/zfv</a> |
| Public note | Access ZFV online |
| 942 ## - ADDED ENTRY ELEMENTS (KOHA) | |
| Suppress in OPAC | 0 |
| Source of classification or shelving scheme | Dewey Decimal Classification |
| 948 ## - LOCAL PROCESSING INFORMATION (OCLC); SERIES PART DESIGNATOR (RLIN) | |
| c (OCLC) | 18/08/1994 |
| Withdrawn status | Lost status | Source of classification or shelving scheme | Damaged status | Not for loan | Home library | Current library | Shelving location | Date acquired | Total Checkouts | Barcode | Date last seen | Koha item type |
|---|---|---|---|---|---|---|---|---|---|---|---|---|
| Other/Generic Classification Scheme | Virtual | Virtual | Online | 23/11/2004 | 98903-1001 | 06/08/2019 | Journal |